Yaman Dede / (Record no. 13768)

MARC details
000 -BAŞLIK
Sabit Uzunlukta Kontrol Alanı 00678nam a22002417a 4500
999 ## - SİSTEM KONTROL NUMARALARI (KOHA)
Koha Biblionumber 13768
Koha Biblioitemnumber 13768
003 - KONTROL NUMARASI IDENTIFIER
Denetim Alanı MIRAKIL
005 - SON İŞLEM TARİHİ VE ZAMANI
Denetim Alanı 20200214112234.0
008 - SABİT-BOY VERİ ELEMANLARI - GENEL BİLGİLER
Sabit Uzunlukta Kontrol Alanı 200214b tu ||||| |||| 00| 0 tur d
020 ## - ULUSLARARASI STANDART KİTAP NUMARASI
Uluslararası Standart Kitap Numarası 9789758225507
040 ## - KATALOGLAMA KAYNAK
Orijinal Kataloglama Ajansı TR-AnCHP
Metne Dönüştürmek Ajansı TR-AnCHP
041 ## - DİL KODU
Metin / Ses Parça Veya Ayrı Başlığın Dil Kodu tur
082 ## - DEWEY ONLU SINIFLANDIRMA NUMARASI
Sınıflandırma Numarası 922.97
Ürün Numarası Ö92y 2015
100 ## - ANA GİRİŞ - KİŞİSEL İSİM
Kişisel Ad Özdamar, Mustafa
245 10 - BAŞLIK TABLOSU
Başlık Yaman Dede /
Sorumluluk Tablosu, Vb Mustafa Özdamar.
250 ## - EDITION TABLOSU
Baskı Beyanı 6. bs.
260 ## - YAYIN, DAĞITIM, VB
Yayın, Dağıtım, Vb Yeri İstanbul :
Yayıncı, Dağıtıcı, Vs Adı Kırk Kandil,
Yayın, Dağıtım, Vb Tarihi 2015.
300 ## - FİZİKSEL TANIM
Kapsam 478 s.:
Boyutlar 21 sm.
490 0# - SERİSİ TABLOSU
Seri Beyanı Kırk Kandil Yayınları ;
Hacim / Ardışık Tanımı 48.
504 ## - KAYNAKÇA VB NOT
Kaynakça Vb Notu Dizin vardır.
600 #0 - KONU KATMA GİRİŞ - KURUMSAL ADI
9 (RLIN) 6277
Kişisel Ad Yaman Dede
Bir Adıyla İlişkilendirilen Tarihler 1887-1962
Genel Alt Bölümü yaşamöyküsü
650 #0 - KONU KATMA GİRİŞ - TOPİKAL DÖNEM
9 (RLIN) 19
Topikal Süreli Veya Coğrafi Ad Giriş Elemanı Türk edebiyatı
Genel Alt Bölümü tasavvuf
942 ## - EKLENDİ GİRİŞ ELEMANLARI (KOHA)
Sınıflandırma Veya Raf Düzeni Kaynak Dewey Decimal Classification
Koha Öğesi Türü Books
Holdings
Kalıcı Konum Mevcut Konum Edinme Tarihi Toplam Check-Out'Lar Tam Çağrı Numarası Barkod Tarih Son Görülme İtibaren Geçerli Fiyatlar Koha Öğesi Türü
CHP Kütüphanesi CHP Kütüphanesi 02/14/2020   922.97 Ö92y 2015 013556 02/14/2020 02/14/2020 Books